Who Plays What? (Hamilton Edition) - Statistics

General Stats
  • This quiz has been taken 602 times
  • The average score is 7 of 10
Answer Stats
Name Cast Member % Correct
Alexander Hamilton Lin-Manuel Miranda
100%
Eliza Schuyler Phillipa Soo
93%
Marquis de Lafayette Daveed Diggs
81%
Aaron Burr Leslie Odom Jr.
78%
King George lll Jonathan Groff
75%
Phillip Schuyler/John Laurens Anthony Ramos
72%
George Washington Christopher Jackson
63%
Angelica Schuyler Renée Elise Goldsberry
63%
Peggy Schuyler/Maria Reynolds Jasmine Cephas Jones
60%
Hercules Mulligan Okieriete Onaodowan
35%
No matching quizzes found
Score Distribution
Percent of People with Each Score
Percentile by Number Answered
Your Score History
You have not taken this quiz